Every Saturday Night Live Musical Guest Part 1 (Seasons 1-30) - Statistics

General Stats
  • This quiz has been taken 3 times
  • The average score is 301 of 486
Answer Stats
First Season Musical Guest % Correct
Season 28 50 Cent
100%
Season 25 AC/DC
100%
Season 21 Alanis Morissette
100%
Season 1 Al Jarreau
100%
Season 1 Anne Murray
100%
Season 1 Art Garfunkel
100%
Season 3 Ashford and Simpson
100%
Season 30 Ashlee Simpson
100%
Season 23 Backstreet Boys
100%
Season 20 Beastie Boys
100%
Season 4 Bette Midler
100%
Season 1 Betty Carter
100%
Season 1 Bill Withers
100%
Season 3 Billy Joel
100%
Season 18 Bobby Brown
100%
Season 5 Bob Dylan
100%
Season 18 Bon Jovi
100%
Season 2 Brian Wilson
100%
Season 17 Bruce Springsteen
100%
Season 1 Carly Simon
100%
Season 13 Cher
100%
Season 25 Christina Aguilera
100%
Season 2 Chuck Berry
100%
Season 20 Dave Matthews Band
100%
Season 15 David Byrne
100%
Season 26 David Gray
100%
Season 1 Desi Arnaz
100%
Season 1 Desi Arnaz Jr
100%
Season 14 Dolly Parton
100%
Season 22 Dr. Dre
100%
Season 24 Elliott Smith
100%
Season 7 Elton John
100%
Season 3 Elvis Costello
100%
Season 26 Eminem
100%
Season 17 En Vogue
100%
Season 15 Eric Clapton
100%
Season 7 Fear
100%
Season 21 Foo Fighters
100%
Season 2 Frank Zappa
100%
Season 1 Garrett Morris
100%
Season 17 Garth Brooks
100%
Season 2 George Harrison
100%
Season 30 Gwen Stefani
100%
Season 7 Hall & Oates
100%
Season 1 Harlan Collins
100%
Season 9 Huey Lewis and the News
100%
Season 30 Jack Johnson
100%
Season 6 James Brown
100%
Season 2 James Taylor
100%
Season 19 Janet Jackson
100%
Season 26 Jay-Z
100%
Season 25 Jennifer Lopez
100%
Season 21 Joan Osborne
100%
Season 2 John Prine
100%
Season 4 Judy Collins
100%
Season 29 Justin Timberlake
100%
Season 14 Keith Richards
100%
Season 30 Kelly Clarkson
100%
Season 1 Lily Tomlin
100%
Season 4 Linda Ronstadt
100%
Season 8 Lionel Richie
100%
Season 13 LL Cool J
100%
Season 12 Lou Reed
100%
Season 20 Luscious Jackson
100%
Season 25 Macy Gray
100%
Season 18 Madonna
100%
Season 23 Metallica
100%
Season 4 Mick Jagger
100%
Season 23 Missy Elliott
100%
Season 17 Nirvana
100%
Season 28 Norah Jones
100%
Season 25 'N Sync
100%
Season 1 Patti Smith
100%
Season 5 Paul McCartney
100%
Season 2 Paul Simon
100%
Season 12 Percy Sledge
100%
Season 18 Peter Gabriel
100%
Season 11 Philip Glass
100%
Season 27 Pink
100%
Season 6 Prince
100%
Season 17 Public Enemy
100%
Season 15 Quincy Jones
100%
Season 21 Rage Against the Machine
100%
Season 3 Ray Charles
100%
Season 17 Red Hot Chili Peppers
100%
Season 16 R.E.M.
100%
Season 4 Rickie Lee Jones
100%
Season 7 Rick James
100%
Season 11 Rosanne Cash
100%
Season 12 Roy Orbison
100%
Season 12 Run-DMC
100%
Season 19 Salt-N-Pepa
100%
Season 5 Sam & Dave
100%
Season 2 Santana
100%
Season 27 Shakira
100%
Season 11 Sheila E
100%
Season 8 Stevie Wonder
100%
Season 4 Talking Heads
100%
Season 7 The Allman Brothers Band
100%
Season 9 The Cars
100%
Season 30 The Killers
100%
Season 8 The New Joe Jackson Band
100%
Season 4 The Rolling Stones
100%
Season 7 The Spinners
100%
Season 1 The Stylistics
100%
Season 28 The White Stripes
100%
Season 10 Tina Turner
100%
Season 20 TLC
100%
Season 5 Tom Petty and the Heartbreakers
100%
Season 21 Tupac Shakur
100%
Season 26 U2
100%
Season 4 Van Morrison
100%
Season 22 Veruca Salt
100%
Season 28 Wayne Wonder
100%
Season 16 Whitney Houston
100%
Season 3 Willie Nelson
100%
Season 13 10,000 Maniacs
50%
Season 6 14 Karat Soul
50%
Season 15 Aaron Neville
50%
Season 1 ABBA
50%
Season 9 Adam Ant
50%
Season 15 Aerosmith
50%
Season 2 Alan Price
50%
Season 11 Al Green
50%
Season 27 Alicia Keys
50%
Season 23 All Saints
50%
Season 5 Andrae Crouch & the Voices of Unity
50%
Season 5 Andrew Gold
50%
Season 27 Andrew W.K.
50%
Season 12 Anita Baker
50%
Season 17 Annie Lennox
50%
Season 6 Aretha Franklin
50%
Season 18 Arrested Development
50%
Season 28 Avril Lavigne
50%
Season 24 Barenaked Ladies
50%
Season 22 Beck
50%
Season 23 Ben Folds Five
50%
Season 28 Beyoncé
50%
Season 9 Big Country
50%
Season 15 Big Daddy Kane
50%
Season 9 Billy Idol
50%
Season 10 Billy Ocean
50%
Season 1 Billy Preston
50%
Season 10 Billy Squier
50%
Season 23 Björk
50%
Season 19 Blind Melon
50%
Season 25 Blink-182
50%
Season 5 Blondie
50%
Season 21 Blues Travelers
50%
Season 14 Bobby McFerrin
50%
Season 3 Bonnie Raitt
50%
Season 2 Boz Scaggs
50%
Season 2 Brick
50%
Season 25 Britney Spears
50%
Season 5 Bruce Cockburn
50%
Season 12 Bruce Hornsby & the Range
50%
Season 10 Bryan Adams
50%
Season 13 Bryan Ferry
50%
Season 27 Bubba Sparxxx
50%
Season 21 Bush
50%
Season 24 Busta Rhymes
50%
Season 13 Buster Poindexter
50%
Season 6 Captain Beefheart & His Magic Band
50%
Season 17 C&C Music Factory
50%
Season 10 Chaka Khan
50%
Season 6 Cheap Trick
50%
Season 5 Chicago
50%
Season 16 Chris Isaak
50%
Season 29 Clay Aiken
50%
Season 26 Coldplay
50%
Season 17 Color Me Badd
50%
Season 21 Coolio
50%
Season 19 Counting Crows
50%
Season 14 Cowboy Junkies
50%
Season 19 Crash Test Dummies
50%
Season 27 Creed
50%
Season 19 Cypress Hill
50%
Season 5 David Bowie
50%
Season 13 David Gilmour
50%
Season 5 David Sanborn
50%
Season 6 Deborah Harry
50%
Season 16 Deee-Lite
50%
Season 4 Delbert McClinton
50%
Season 9 Deniece Williams
50%
Season 5 Desmond Child & Rouge
50%
Season 20 Des'ree
50%
Season 26 Destiny's Child
50%
Season 4 Devo
50%
Season 20 Dionne Farris
50%
Season 28 Dixie Chicks
50%
Season 25 DMX
50%
Season 15 Don Henley
50%
Season 2 Donnie Harper
50%
Season 2 Dr. John
50%
Season 8 Duran Duran
50%
Season 19 Dwight Yoakam
50%
Season 24 Eagle-Eye Cherry
50%
Season 3 Eddie Money
50%
Season 9 Eddy Grant
50%
Season 14 Edie Brickell and New Bohemians
50%
Season 11 E.G. Daily
50%
Season 6 Ellen Shipley
50%
Season 1 Esther Phillips
50%
Season 4 Eubie Blake
50%
Season 3 Eugene Record
50%
Season 15 Eurythmics
50%
Season 26 Eve
50%
Season 21 Everclear
50%
Season 24 Everlast
50%
Season 28 Faith Hill
50%
Season 16 Faith No More
50%
Season 14 Fine Young Cannibals
50%
Season 22 Fiona Apple
50%
Season 16 Fishbone
50%
Season 10 Frankie Goes to Hollywood
50%
Season 6 Funky Four Plus One
50%
Season 24 Garbage
50%
Season 4 Gary Busey
50%
Season 5 Gary Numan
50%
Season 3 Gary Tigerman
50%
Season 2 George Benson
50%
Season 11 George Clinton & Parliament-Funkadelic
50%
Season 8 George Thorogood & the Destroyers
50%
Season 1 Gil Scott-Heron
50%
Season 21 Gin Blossoms
50%
Season 14 Gipsy Kings
50%
Season 28 Good Charlotte
50%
Season 1 Gordon Lightfoot
50%
Season 20 Green Day
50%
Season 10 Greg Kihn
50%
Season 4 Gregory Hines
50%
Season 29 G-Unit
50%
Season 23 Hanson
50%
Season 15 Harry Connick, Jr.
50%
Season 10 Herbie Hancock
50%
Season 20 Hole
50%
Season 16 Hothouse Flowers
50%
Season 1 Idlers
50%
Season 27 India.Arie
50%
Season 16 INXS
50%
Season 6 Jack Bruce & Friends
50%
Season 3 Jackson Browne
50%
Season 23 Jamiroquai
50%
Season 23 Jane's Addiction
50%
Season 1 Janis Ian
50%
Season 27 Ja Rule
50%
Season 7 Jennifer Holliday
50%
Season 2 Jennifer Warnes
50%
Season 1 Jesse Dixon Singers
50%
Season 29 Jet
50%
Season 22 Jewel
50%
Season 3 Jimmy Buffett
50%
Season 1 Jimmy Cliff
50%
Season 27 Jimmy Eat World
50%
Season 23 Jimmy Page
50%
Season 29 J-Kwon
50%
Season 2 Joe Cocker
50%
Season 6 Joe "King" Carrasco & the Crowns
50%
Season 7 John Cougar Mellencamp
50%
Season 14 John Hiatt
50%
Season 29 John Mayer
50%
Season 14 Johnny Clegg & Savuka
50%
Season 1 John Sebastian
50%
Season 10 John Waite
50%
Season 1 Joyce Everson
50%
Season 6 Jr. Walker & the All-Stars
50%
Season 15 Julee Cruise
50%
Season 4 Kate Bush
50%
Season 15 k.d. lang
50%
Season 30 Keane
50%
Season 3 Keith Jarrett
50%
Season 6 Keith Sykes
50%
Season 29 Kelis
50%
Season 8 Kenny Loggins
50%
Season 2 Kenny Vance
50%
Season 8 Kevin Rowland & Dexys Midnight Runners
50%
Season 6 Kid Creole & the Coconuts
50%
Season 25 Kid Rock
50%
Season 2 Kinky Friedman
50%
Season 15 Kool Moe Dee
50%
Season 9 Kool & the Gang
50%
Season 27 Kylie Minogue
50%
Season 11 Ladysmith Black Mambazo
50%
Season 8 Laura Branigan
50%
Season 11 Laurie Anderson
50%
Season 24 Lauryn Hill
50%
Season 18 Lenny Kravitz
50%
Season 1 Leon and Mary Russell
50%
Season 1 Leon Redbone
50%
Season 2 Leo Sayer
50%
Season 11 Level 42
50%
Season 2 Levon Helm
50%
Season 3 Libby Titus
50%
Season 5 Linda McCartney
50%
Season 7 Lindsey Buckingham
50%
Season 21 Lisa Loeb
50%
Season 14 Little Feat
50%
Season 20 Live
50%
Season 14 Living Colour
50%
Season 12 Lone Justice
50%
Season 12 Los Lobos
50%
Season 1 Loudon Wainwright III
50%
Season 9 Loverboy
50%
Season 24 Luciano Pavarotti
50%
Season 24 Lucinda Williams
50%
Season 30 Ludacris
50%
Season 7 Luther Vandross
50%
Season 9 Madness
50%
Season 25 Marc Anthony
50%
Season 16 Mariah Carey
50%
Season 5 Marianne Faithfull
50%
Season 14 Mark Knopfler
50%
Season 29 Maroon 5
50%
Season 1 Martha Reeves
50%
Season 18 Mary J. Blige
50%
Season 2 McGarrigle Sisters
50%
Season 17 MC Hammer
50%
Season 3 Meat Loaf
50%
Season 8 Men at Work
50%
Season 16 Michael Bolton
50%
Season 8 Michael McDonald
50%
Season 13 Michael Penn
50%
Season 9 Mick Fleetwood's Zoo
50%
Season 18 Midnight Oil
50%
Season 7 Miles Davis
50%
Season 7 Mink DeVille
50%
Season 27 Moby
50%
Season 30 Modest Mouse
50%
Season 16 Morris Day & The Time
50%
Season 18 Morrissey
50%
Season 11 Mr. Mister
50%
Season 28 Ms. Dynamite
50%
Season 8 Musical Youth
50%
Season 23 Natalie Imbruglia
50%
Season 21 Natalie Merchant
50%
Season 2 Neil Innes
50%
Season 1 Neil Sedaka
50%
Season 15 Neil Young
50%
Season 28 Nelly
50%
Season 26 Nelly Furtado
50%
Season 29 N*E*R*D
50%
Season 22 New Edition
50%
Season 21 Nine Stories
50%
Season 22 No Doubt
50%
Season 23 Oasis
50%
Season 7 Olivia Newton-John
50%
Season 4 Ornette Coleman
50%
Season 27 Outkast
50%
Season 23 Paula Cole
50%
Season 19 Paul Westerberg
50%
Season 12 Paul Young
50%
Season 17 Pearl Jam
50%
Season 4 Peter Tosh
50%
Season 10 Peter Wolf
50%
Season 28 Phish
50%
Season 1 Phoebe Snow
50%
Season 27 P.O.D.
50%
Season 23 Portishead
50%
Season 10 Power Station
50%
Season 1 Preservation Hall Jazz Band
50%
Season 23 Puff Daddy
50%
Season 8 Queen
50%
Season 11 Queen Ida & the Bon Temps Zydeco Band
50%
Season 30 Queen Latifah
50%
Season 30 Queens of the Stone Age
50%
Season 26 Radiohead
50%
Season 21 Rancid
50%
Season 1 Randy Newman
50%
Season 13 Randy Travis
50%
Season 2 Richard Baskin
50%
Season 24 Ricky Martin
50%
Season 12 Ric Ocasek
50%
Season 1 Rita Coolidge
50%
Season 13 Robbie Robertson
50%
Season 12 Robert Cray Band
50%
Season 7 Rod Stewart
50%
Season 22 Rollins Band
50%
Season 2 Roslyn Kind
50%
Season 27 Ryan Adams
50%
Season 2 Ry Cooder
50%
Season 11 Sade
50%
Season 23 Sarah McLachlan
50%
Season 30 Scissor Sisters
50%
Season 20 Seal
50%
Season 28 Sean Paul
50%
Season 26 Shaggy
50%
Season 22 Sheryl Crow
50%
Season 21 Silverchair
50%
Season 11 Simple Minds
50%
Season 13 Simply Red
50%
Season 16 Sinéad O'Connor
50%
Season 25 Sisqó
50%
Season 17 Skid Row
50%
Season 19 Snoop Dogg
50%
Season 18 Soul Asylum
50%
Season 21 Soundgarden
50%
Season 15 Spanic Boys
50%
Season 7 Sparks
50%
Season 22 Spice Girls
50%
Season 9 Spinal Tap
50%
Season 18 Spin Doctors
50%
Season 8 Squeeze
50%
Season 6 Stanley Clarke Trio
50%
Season 3 Stephen Bishop
50%
Season 9 Stevie Nicks
50%
Season 11 Stevie Ray Vaughan & Double Trouble
50%
Season 13 Sting
50%
Season 19 Stone Temple Pilots
50%
Season 9 Stray Cats
50%
Season 2 Stuff
50%
Season 27 Sum 41
50%
Season 12 Suzanne Vega
50%
Season 30 System of a Down
50%
Season 3 Taj Mahal
50%
Season 15 Technotronic
50%
Season 17 Teenage Fanclub
50%
Season 13 Terence Trent D'Arby
50%
Season 15 Tevin Campbell
50%
Season 5 The Amazing Rhythm Aces
50%
Season 5 The B-52's
50%
Season 2 The Band
50%
Season 14 The Bangles
50%
Season 16 The Black Crowes
50%
Season 29 The Black Eyed Peas
50%
Season 3 The Blues Brothers
50%
Season 8 The BusBoys
50%
Season 7 The Charlie Daniels Band
50%
Season 4 The Chieftains
50%
Season 8 The Clash
50%
Season 10 The Commodores
50%
Season 24 The Corr
50%
Season 20 The Cranberries
50%
Season 11 The Cult
50%
Season 21 The Cure
50%
Season 28 The Donnas
50%
Season 4 The Doobie Brothers
50%
Season 11 The Dream Academy
50%
Season 9 The Fixx
50%
Season 10 The Folksmen
50%
Season 7 The Go-Go's
50%
Season 4 The Grateful Dead
50%
Season 10 The Honeydrippers
50%
Season 5 The J. Geils Band
50%
Season 2 The Kinks
50%
Season 2 The Meters
50%
Season 23 The Mighty Mighty Bosstones
50%
Season 9 The Motels
50%
Season 11 The Nelsons
50%
Season 11 The Neville Brothers
50%
Season 3 The Nitty Gritty Band
50%
Season 15 The Notting Hillbillies
50%
Season 15 The Pogues
50%
Season 12 The Pretenders
50%
Season 11 The Replacements
50%
Season 5 The Roches
50%
Season 24 The Roots
50%
Season 19 The Smashing Pumpkins
50%
Season 15 The Smithereens
50%
Season 5 The Specials
50%
Season 27 The Strokes
50%
Season 14 The Sugarcubes
50%
Season 20 The Tragically Hip
50%
Season 22 The Wallflowers
50%
Season 7 The Whiffenpoofs
50%
Season 23 Third Eye Blind
50%
Season 10 Thompson Twins
50%
Season 12 Timbuk 3
50%
Season 17 Tin Machine
50%
Season 6 Todd Rundgren
50%
Season 5 Tom Scott
50%
Season 2 Tom Waits
50%
Season 1 Toni Basil
50%
Season 19 Tony! Toni! Toné!
50%
Season 29 Toots & the Maytals
50%
Season 21 Tori Amos
50%
Season 14 Tracy Chapman
50%
Season 19 UB40
50%
Season 29 Usher
50%
Season 17 Vanessa Williams
50%
Season 16 Vanilla Ice
50%
Season 26 Weezer
50%
Season 10 Wintley Phipps
50%
Season 16 World Party
50%
Season 12 Wynton Marsalis
50%
Season 28 Zwan
50%
Season 2 Joan Armstrading
0%
No matching quizzes found
Score Distribution
Percent of People with Each Score
Percentile by Number Answered
Your Score History
You have not taken this quiz